| Tag |
First Indicator |
Second Indicator |
Subfields |
| LEADER |
00000cam a2200000 4500 |
| 001 |
in00000063099 |
| 005 |
20151008051139.0 |
| 008 |
760414s1946 enkbf b 00110 eng |
| 010 |
|
|
|a 46022758
|
| 035 |
|
|
|a (OCoLC)02111812
|
| 035 |
|
|
|9 AAG6044AM
|
| 040 |
|
|
|a DLC
|c LYU
|d TXA
|d UtOrBLW
|
| 049 |
|
|
|a TXAM
|c [136623]
|
| 050 |
0 |
0 |
|a Q127.L4
|b W6
|
| 082 |
0 |
|
|a 309.156
|
| 092 |
|
|
|a 309.156
|b W933m
|
| 100 |
1 |
|
|a Worthington, E. Barton
|q (Edgar Barton),
|d 1905-
|
| 245 |
1 |
0 |
|a Middle East science :
|b a survey of subjects other than agriculture /
|c by E.B. Worthington.
|
| 264 |
|
1 |
|a London :
|b H.M. Stationery off,
|c 1946.
|
| 300 |
|
|
|a xiii, 239 pages :
|b 16 plates on 8 leaves, maps (2 folded) ;
|c 25 cm.
|
| 336 |
|
|
|a text
|b txt
|2 rdacontent
|
| 337 |
|
|
|a unmediated
|b n
|2 rdamedia
|
| 338 |
|
|
|a volume
|b nc
|2 rdacarrier
|
| 490 |
1 |
|
|a Middle East supply centre. Report to the director general ;
|v [No.2]
|
| 504 |
|
|
|a "References to literature": pages [210]-219.
|
| 650 |
|
0 |
|a Science
|x History
|z Middle East.
|
| 650 |
|
0 |
|a Physical geography
|z Middle East.
|
| 650 |
|
0 |
|a Natural resources
|z Middle East.
|
| 651 |
|
0 |
|a Middle East.
|
| 830 |
|
0 |
|a Report to the director general (Middle East Supply Centre) ;
|v no. 2.
|
| 999 |
|
|
|a MARS
|
| 999 |
f |
f |
|s 6dac8413-74c7-3e18-9abe-f0189f299d6e
|i 0aaf85fe-027a-381e-be19-c54f31080a9c
|t 0
|
| 952 |
f |
f |
|p ric
|a Texas A&M University
|b Rellis Campus
|c Joint Library Facility
|d Remote Storage
|t 0
|e Q127.L4 W6
|h Library of Congress classification
|i unmediated -- volume
|m A14800649178
|
| 998 |
f |
f |
|a Q127.L4 W6
|t 0
|l Remote Storage
|